| 000 | 02621cab a2200289 ab4500 | ||
|---|---|---|---|
| 005 | 20250818095732.0 | ||
| 008 | 991125c2019 sp fr p o 000 0 spa d | ||
| 035 | _aUPN01000235284 | ||
| 040 |
_aMX-MxUPN _bspa _cMX-MxUPN _eaacr2 |
||
| 049 | _aART-E | ||
| 100 | 1 |
_aMartínez Delgado, Clara _6- claramartinezidelgado@gmail.com |
|
| 245 | 1 | 0 |
_aAnálisis de la transmisión cultural de los libros de texto de música en educación primaria _h[recurso electrónico en línea] |
| 506 | 0 | _aAcceso abierto | |
| 520 | 3 | _aEl artículo muestra, a partir del análisis de libros de texto de educación musical para la enseñanza primaria, los valores, estereotipos, esquemas mentales y significados que se transmiten en el curriculum no siempre de un modo consciente o regulado. El objetivo es analizar qué modelos culturales se transmiten, cuáles son los espacios de silencio, qué ausencias y por el contrario qué presencias son reforzadas y transmitidas con el uso de estos materiales curriculares. El artículo consta, en primer lugar de una introducción al estado de este campo de investigación mostrando la relevancia y oportunidad de esta problematización del currículum. Se trata de una investigación de carácter cualitativo que usa el análisis del contenido y del discurso como herramientas metodológicas. Posteriormente se exponen los resultados de la categoría Representaciones Culturales organizados en las subcategorías siguientes: género, mirada eurocéntrica, culturas y tradiciones populares y relación con el entorno. El análisis de los libros de texto nos alerta sobre el dominio de la hegemonía cultural androcéntrica y la reproducción de miradas eurocéntricas que no han superado el colonialismo y el patriarcado, tratando las culturas minorizadas y populares propias del entorno de los niños y las niñas desde el exotismo y el distanciamiento. Se concluye señalando la relevancia de este tipo de investigaciones para comprender los efectos culturales implícitos en la presentación del currículum en los materiales de uso en las aulas. RELATEC | |
| 653 | 0 | _aLibro de texto | |
| 653 | 0 | _aEducación musical | |
| 653 | 0 | _aCurrículum | |
| 653 | 0 | _aTransmisión cultural | |
| 653 | 0 | _aANALISIS DEL DISCURSO | |
| 653 | 0 | _aEDUCACION PRIMARIA | |
| 773 |
_gVol. 18, no. 2, (2019), p. 117-131 _tRELATEC : revista latinoamericana de tecnología educativa _x1695-288X |
||
| 856 | 4 | _uhttps://relatec.unex.es/index.php/relatec/article/view/3584 | |
| 856 | 4 | _uhttps://doi.org/10.17398/1695-288X.18.2.117 | |
| 902 | _aLeonor Sotres/180825 | ||
| 905 | _aArticulo | ||
| 942 | _cART-E | ||
| 999 |
_c207379 _d207379 |
||